| 000 | 00679nam a2200217 u 4500 | ||
|---|---|---|---|
| 005 | 20210223132646.0 | ||
| 008 | 150601s2006 pr r 000 0 eng d | ||
| 020 | _a193335240X | ||
| 035 | _aUPN01000203964 | ||
| 049 | _aI | ||
| 050 | 4 |
_aPQ7442 S3.6 _bC8.3 |
|
| 100 | 1 |
_aSantiago Ibarra, Beatriz Mayté, _d1949- _937576 |
|
| 245 | 1 | 0 |
_aCuenta cuentos en los castillos / _cBeatriz Mayté Santiago Ibarra. |
| 260 |
_aSan Juan, Puerto Rico : _bPuerto, _c2006. |
||
| 300 |
_a37 p. : _bil. col. |
||
| 440 | 0 | _aInfantil | |
| 650 | 4 |
_aLITERATURA INFANTIL PUERTORRIQUEÑA _923718 |
|
| 650 | 4 |
_aCUENTOS INFANTILES PUERTORRIQUEÑOS _912220 |
|
| 905 | _aInfantil | ||
| 999 |
_c176065 _d176065 |
||